000 00519 a2200181 4500
020 _a 8129701073
022 _a 8129701073
040 _aDLC
_bDLC
082 _a621.382
100 _aTomasi, Wayne.
245 _aAdvanced electronic communications systems
_cWayne Tomasi
250 _a6th ed.
260 _aIndia
_bPearson Education,
_cc2004.
300 _axiv, 654 p. :
_bill. ;
_c27 cm.
500 _aIncludes Index
650 _a1.Digital communications. 2.Telecommunication systems.
942 _cBK
_k621.382 TOM
_2ddc
999 _c4630
_d4630